| 000 | 00793cam a2200253I 4500 | ||
|---|---|---|---|
| 001 | 35158 | ||
| 003 | BD-RjUL | ||
| 005 | 20211209052253.0 | ||
| 008 | 140521r19611951e a b 00100 eng d | ||
| 035 | _a(BD-RjUL) 35252 | ||
| 040 |
_aDLC _cTOL _dTOL _dm.c. _dSER _dBD-RjUL _beng |
||
| 041 | 1 |
_aeng _hdut |
|
| 082 |
_a330.015195 _bTIE 1961 |
||
| 090 |
_aHB179 _bF51 |
||
| 100 | 1 |
_aTinbergen, J _d1903- _9107088 |
|
| 245 | 1 | 0 |
_aEconometrics / _ctranslated from the Dutch by H. Rijken van Olst. |
| 260 |
_aLondon : _bGeorge Allen & Unwin Ltd., _c1951 [Impression 1961]. |
||
| 300 |
_axii, 258 p. : _bdiagrs. ; _c24 cm. |
||
| 504 | _aIncludes index and Bibliography: p. 247. | ||
| 650 | 0 |
_aEconomics, Mathematical. _9107089 |
|
| 650 | 0 |
_aEconomics _9107090 |
|
| 942 |
_2ddc _cBK |
||
| 999 |
_c35158 _d35158 |
||